| 000 | 01066cam a22002775a 4500 | ||
|---|---|---|---|
| 001 | ssj0001535451 | ||
| 003 | OSt | ||
| 005 | 20161018150100.0 | ||
| 008 | 150526t2015 inua frb 001 0 eng d | ||
| 020 | _a9781118961773 | ||
| 040 |
_aCaPaEBR _beng _epn _cCaPaEBR _dWaSeSS _dEG-ScBUE |
||
| 082 | 0 | 4 |
_a005.133 _bAPP _222 |
| 245 | 0 | 0 |
_aApplied microsoft business intelligence / _cPatrick Leblanc ... [et al.]. |
| 260 |
_aIndianapolis : _bJohn Wiley & Sons, Inc., _cc.2015. |
||
| 300 |
_axxvii, 432 p. : _bill. (some col.) ; _c24 cm. |
||
| 500 | _aIndex : p. 391-401. | ||
| 504 | _aIncludes bibliographical references. | ||
| 506 | _aAvailable on campus and off campus with authorized login. | ||
| 590 | _aElectronic reproduction. Palo Alto, Calif. : ebrary, 2015. Available via World Wide Web. Access may be limited to ebrary affiliated libraries. | ||
| 650 | 0 |
_aBusiness intelligence _xComputer programs. _2BUEsh |
|
| 650 | 0 |
_aBusiness planning. _2BUEsh |
|
| 651 | _2BUEsh | ||
| 653 |
_bCOMSCI _bBUSADM _cOctober2016 |
||
| 700 | 1 | _aLeblanc, Patrick. | |
| 942 | _2ddc | ||
| 999 |
_c22691 _d22663 |
||